| 000 | 01005nam a2200265 i 4500 | ||
|---|---|---|---|
| 001 | 106798 | ||
| 003 | ES-MaACL | ||
| 005 | 20230906184251.0 | ||
| 007 | t| | ||
| 008 | 061226s1974 sp aa ||||1| spa d | ||
| 080 | _a75.036(460)(083.82) | ||
| 080 | _a73.036(460)(083.82) | ||
| 111 | 2 |
_aPremio Ateneo de Madrid ( _d1974) _9928 |
|
| 245 | 1 | 0 |
_aPremio Ateneo de Madrid 1974, Sala del Prado _b: [exposición, Ateneo de Madrid, Sala del Prado - Prado, 21, 1974]. |
| 260 |
_a[Madrid : _bs.n., _c1974] ( _fImp. del Ministerio de Información y Turismo) |
||
| 300 |
_a1 h. pleg. (4 p.) : _bil. ; _c20 cm. |
||
| 610 | 2 | 4 |
_aAteneo de Madrid- _vExposiciones- _y1970-1979. _91921 |
| 650 | 1 | 4 |
_aPintura española- _yS.XX- _vExposiciones. _916043 |
| 650 | 4 |
_aEscultura española- _yS.XX- _vExposiciones. _912438 |
|
| 655 | 7 |
_2tgfbne _9193628 _aCatálogos de exposiciones |
|
| 710 | 2 |
_aAteneo de Madrid. _bSala del Prado. _91965 |
|
| 852 |
_aES-MaACL _j2211-F-41 |
||
| 942 | _2udc | ||
| 999 |
_c106798 _d106798 |
||